00786nam a2200205 a 4500001001000000003000900010005001700019008003300036040002500069082002900094100003000123245015100153260006100304300003100365650003500396650002700431700005200458700003300510710003700543000013117DO-SdBNP20230725115327.0091120s1994 dr c 000 f spa d aDO-SdBNPbspacBPMSU 4aRD863.44bR918b 19942221 aRueda, Manuel,d1921-199910aBienvenida y la noche :b(crónicas de Montecristi) /cManuel Rueda ; prólogo José Alcántara Almánzar ; edición Andrés Blanco Díaz. aSanto Domingo :bFundación Cultural Dominicana,c1994. a188 p. :bretrs. ;c25 cm. 4aNovela histórica dominicana. 4aLiteratura dominicana.1 aAlcántara Almánzar, José,d1946-epról.1 aBlanco Díaz, Andréseed.2 aFundación Cultural Dominicana,